La Ley General de Responsabilidades Administrativas un anl̀isis crt̕ico /

Detalles Bibliográficos
Autor principal: Cr̀denas Gracia, Jaime
Otros Autores: Mr̀quez Gm̤ez, Daniel
Formato: eBook
Lenguaje:español
Publicado: Ciudad de Mx̌ico: Instituto de Investigaciones Jurd̕icas (IIJ) de la UNAM, 2019
Materias:
Acceso en línea:Acceso restringido

MARC

LEADER 00000nam a22000007a 4500
005 20200109211318.0
007 cr|||| |||
008 200109s2019 mx |||||s|||| 00||0 spa d
020 |a 978-607-30-2197-5 
035 |a 30910 
040 |a vLex 
090 |c 10090  |d 10090 
100 1 |a Cr̀denas Gracia, Jaime 
245 1 2 |a La Ley General de Responsabilidades Administrativas  |h [Recurso electrn̤ico] :  |b un anl̀isis crt̕ico /  |c Jaime Cr̀denas Gracia, Daniel Mr̀quez Gm̤ez 
256 |a Servicio en ln̕ea 
260 |a Ciudad de Mx̌ico:  |b Instituto de Investigaciones Jurd̕icas (IIJ) de la UNAM,  |c 2019 
300 |a 1 recurso electrn̤ico 
506 1 |a Disponible solo en los productos indicados  |d vLex Global  |d vLex Global (Academic Edition, excluding Law Schools)  |d vLex Global (U.S. Academic Edition, Law Schools)  |d vLex Global (U.S. Academic Edition, excluding Law Schools)  |d vLex Global (Academic Edition, Law Schools) 
650 0 4 |a Derecho Pb︢lico y Administrativo  |z Mx̌ico 
700 1 |a Mr̀quez Gm̤ez, Daniel 
740 0 |a vLex Libros (Servicio en ln̕ea) 
856 4 0 |u http://vlex.com/source/ley-general-responsabilidades-administrativas-30910  |z Acceso restringido 
942 |c BOOK 
999 0 |a Public and Administrative Law